| 000 | 01740cam a2200361 a 4500 | ||
|---|---|---|---|
| 001 | 13724398 | ||
| 005 | 20220326193303.0 | ||
| 008 | 040920s2004 sa ac b 001 0 eng d | ||
| 010 | _a 2004448311 | ||
| 020 | _a186838344X | ||
| 035 | _a(OCoLC)ocm56516141 | ||
| 040 |
_aZ@L _cZ@L _dDLC |
||
| 042 | _alccopycat | ||
| 043 |
_af------ _af-sa--- |
||
| 082 | 0 | 4 |
_a709.6 _bN388v |
| 100 |
_aNettleton, Anitra; Charlton, Julia; Rankin-Smith, Fiona. (Editor) _91519 |
||
| 110 |
_aUniversity of the Witwatersrand Art Galleries _91520 |
||
| 245 | 0 | 0 |
_aVoice-overs : _bWits writings exploring African artworks : Standard Bank African art collection, University of the Witwatersrand Art Galleries / _ceditorial team, Anitra Nettleton, Julia Charlton, Fiona Rankin-Smith. |
| 260 |
_a[Johannesburg] : _bUniversity of Witwatersrand Art Galleries, _c2004. |
||
| 300 |
_a151 p. : _bcol. ill. , ports ; _c28 cm. |
||
| 500 | _a"This book accompanies Voice-overs: Wits writings exploring African artworks, an exhibition held at the Standard Bank Gallery, Johannesburg, 30 March-1 May 2004"--Verso t.p. | ||
| 610 | 2 | 0 |
_aStandard Bank Limited _xArt collections _vExhibitions. _91521 |
| 610 | 2 | 0 |
_aUniversity of the Witwatersrand. _bArt Galleries _vExhibitions. _91522 |
| 650 | 0 |
_aArt, African _vExhibitions. _91523 |
|
| 650 | 0 |
_aArt _zSouth Africa _zJohanesburg _vExhibitions. _91524 |
|
| 700 | 1 |
_aNettleton, Anitra C. E. _91525 |
|
| 700 | 1 |
_aCharlton, Julia. _91526 |
|
| 700 | 1 |
_aRankin-Smith, Fiona. _91527 |
|
| 710 | 2 |
_aUniversity of the Witwatersrand. _bArt Galleries. _91528 |
|
| 710 | 2 |
_aStandard Bank Centre Art Gallery. _91529 |
|
| 906 |
_a7 _bcbc _ccopycat _d3 _encip _f20 _gy-gencatlg |
||
| 999 |
_c322 _d322 |
||